চাঁপাইনবাবগঞ্জ জেলায় সামাজিক অবক্ষয় রোধে লোকনাট্য গম্ভীরার ভূমিকা / (Record no. 84214)
[ view plain ]
| 000 -LEADER | |
|---|---|
| fixed length control field | 01532nam a2200265 a 4500 |
| 001 - CONTROL NUMBER | |
| RUCL Control Number | 84214 |
| 003 - CONTROL NUMBER IDENTIFIER | |
| rucl marc code | BD-RjUL |
| 005 - DATE AND TIME OF LATEST TRANSACTION | |
| control field | 20241103115632.0 |
| 008 - FIXED-LENGTH DATA ELEMENTS--GENERAL INFORMATION | |
| fixed length control field | 241103s2019 bg a|||| m||| 00| 0 ben d |
| 035 ## - SYSTEM CONTROL NUMBER | |
| system control number | (BD-RjUL)84214 |
| 040 ## - CATALOGING SOURCE | |
| Original cataloging agency | BD-RjUL |
| Language of cataloging | ben / eng |
| Transcribing agency | BD-RjUL |
| Modifying agency | BD-RjUL |
| 041 ## - LANGUAGE CODE | |
| Language code of Book | ben |
| 082 ## - DEWEY DECIMAL CLASSIFICATION NUMBER | |
| DDC Edition number | 23 |
| Classification number | 398.0954924 |
| Author mark and Year | ALC 2019 |
| 100 ## - MAIN ENTRY--PERSONAL NAME | |
| Personal name | আলী, মো. সুরুজ |
| 9 (RLIN) | 14052 |
| 245 10 - TITLE STATEMENT | |
| Title | চাঁপাইনবাবগঞ্জ জেলায় সামাজিক অবক্ষয় রোধে লোকনাট্য গম্ভীরার ভূমিকা / |
| Statement of responsibility, etc | গবেষক মো. সুরুজ আলী ; |
| Name of Supervisor/Co-Supervisor | তত্ত্বাবধায়ক : মোবাররা সিদ্দিকা |
| 246 ## - VARYING FORM OF TITLE | |
| Title proper/short title | Role of Folk Theatre Gombhira to Prevent Social Decay in Chapainawabganj District / |
| 260 ## - PUBLICATION, DISTRIBUTION, ETC. (IMPRINT) | |
| Place of publication, distribution, etc | রাজশাহী : |
| Name of publisher, distributor, etc | ফোকলোর বিভাগ, রাজশাহী বিশববিদ্যায়, |
| Date of publication, distribution, etc | ২০১৯ |
| 300 ## - PHYSICAL DESCRIPTION | |
| Pagination | viii, ২৮৩ পাতা : |
| Other physical details | চিত্র ; |
| Dimensions | ২৯ সেমি. |
| 502 ## - DISSERTATION NOTE | |
| Dissertation note | থিসিস (পিএইচ. ডি.) -- ফোকলোর বিভাগ, রাজশাহী বিশববিদ্যায়, ২০১৯ |
| 504 ## - BIBLIOGRAPHY, ETC. NOTE | |
| Bibliography, etc | গ্রন্থপঞ্জি : পাতা [১৯৫]-২০৯ |
| 650 ## - SUBJECT ADDED ENTRY--TOPICAL TERM | |
| Topical term or geographic name as entry element | লোকনাট্য |
| Topical term or geographic name as entry element | Folk drama |
| 700 ## - ADDED ENTRY--SUPERVISOR/CO-SUPERVISOR NAME | |
| Personal name | সিদ্দিকা, মোবাররা, তত্ত্বাবধায়ক |
| 9 (RLIN) | 14053 |
| 942 ## - ADDED ENTRY ELEMENTS (KOHA) | |
| Source of classification or shelving scheme | Dewey Decimal Classification |
| Koha item type | Theses |
| Source of classification or shelving scheme | Damaged status | Not for loan | Collection code | Permanent Location | Current Location | Shelving location | Date of accession | Source of acquisition | Total Checkouts | Full call number | Barcode | Date last seen | Copy number | Thesis |
|---|---|---|---|---|---|---|---|---|---|---|---|---|---|---|
| Dewey Decimal Classification | Not For Loan | Theses | Central Library, University of Rajshahi | Central Library, University of Rajshahi | Documentation Section | 18/01/2023 | Controller of Exam. R.U. | BTHE 398.0954924 ALC 2019 | D4594 | 03/11/2024 | C-I | Theses |